000 00483nam a2200193Ia 4500
005 20240823025601.0
008 240823s9999||||xx |||||||||||||| ||und||
020 _a978-81-7319-931-8
041 _aENGLISH
082 _A629.892 P9
100 _aSrinivas J et al.
245 0 _aRobotics : Control and Programming
250 _a1st
260 _c2009
_bNarosa Publishing House New
500 _aTRANSFERED
650 _aRobotics
_bMechanical
942 _cBK
999 _c186662
_d186662